| 000 | 01645ngm a22004570a 4500 | ||
|---|---|---|---|
| 001 | PT39930 | ||
| 003 | AR-LpoUNG | ||
| 005 | 20210201235854.0 | ||
| 007 | vd cvaizq | ||
| 008 | 191001ss.f.||||ag |||||||||||||||||spa d | ||
| 037 | _c$2.65 | ||
| 040 |
_aAR-LpoUNG _bspa _cAR-LpoUNG _eaacr |
||
| 041 | _aspa | ||
| 044 | _aag | ||
| 082 | 0 | _a982.064 895cua | |
| 100 | 1 |
_aBrunetto, Luis _edir. |
|
| 245 | 1 | 0 |
_a14250 : _bcatorcedoscincuenta |
| 260 |
_aBuenos Aires : _bMiradas al sur, _cs. f.. |
||
| 300 | _aDVD (55 min.) : son., byn. | ||
| 505 | 0 | _aHecha en 2007. - Guión: Luis Brunetto y Luis González Bruno. - Edición: Daniel López y María Emilia Pérez Música: Guillermo Capocci y Néstor Lacónica. - Producción: Mariano Brunetto | |
| 520 | _aCatorcedoscincuenta, narra las luchas del movimiento obrero contra el gobierno de Isabel Perón, que provocaron la caída del ministro de Economía Rodrigo y de López Rega, y recrea el contexto de este proceso de huelgas y movilizaciones que desbordó a la burocracia sindical y le arrancó el paro general del 7 y 8 de julio de 1975, el primero contra un gobierno peronista. | ||
| 650 | 4 | _aARGENTINA | |
| 650 | 4 | _aDICTADURA | |
| 650 | 4 | _aECONOMIA | |
| 650 | 4 | _aHISTORIA | |
| 650 | 4 | _aMOVIMIENTOS OBREROS | |
| 650 | 4 | _aORGANIZACIONES DE TRABAJADORES | |
| 650 | 4 | _aPOLITICA | |
| 650 | 4 | _aSINDICALISMO | |
| 650 | 4 | _aSINDICATOS | |
| 651 | 4 | _aArgentina | |
| 653 | _aCGT | ||
| 653 | _aCINE ARGENTINO | ||
| 653 | _aDOCUMENTAL | ||
| 653 | _aDVD | ||
| 653 | _aPERONISMO | ||
| 653 | _aVIDEOS | ||
| 700 | 1 |
_aLópez. Daniel _edir. |
|
| 905 | _a39930 | ||
| 942 | _cDVD | ||
| 999 |
_c53655 _d53655 |
||